New Headway Plus. Intermediate Class Audio CDs / (Record no. 5324)
[ view plain ]
| 000 -LEADER | |
|---|---|
| fixed length control field | 01316nac a22002411u 4500 |
| 008 - FIXED-LENGTH DATA ELEMENTS--GENERAL INFORMATION | |
| fixed length control field | 080817t xxu||||| |||| 00| 0 eng d |
| 020 ## - INTERNATIONAL STANDARD BOOK NUMBER | |
| International Standard Book Number | 0194715817 |
| 020 ## - INTERNATIONAL STANDARD BOOK NUMBER | |
| International Standard Book Number | 9780194715812 |
| 082 ## - DEWEY DECIMAL CLASSIFICATION NUMBER | |
| Classification number | 428.24 |
| Item number | SOA |
| Edition number | 22 |
| 100 ## - MAIN ENTRY--PERSONAL NAME | |
| Personal name | Soars, Liz. |
| 9 (RLIN) | 13897 |
| 245 ## - TITLE STATEMENT | |
| Title | New Headway Plus. Intermediate Class Audio CDs / |
| Statement of responsibility, etc | Liz & John Soars |
| 260 ## - PUBLICATION, DISTRIBUTION, ETC. (IMPRINT) | |
| Place of publication, distribution, etc | Oxford : |
| Name of publisher, distributor, etc | Oxford University Press,2006. |
| Date of publication, distribution, etc | 2006 |
| 300 ## - PHYSICAL DESCRIPTION | |
| Extent | 2 sound discs(155 min., 26 sec.) : |
| Other physical details | digital, stereo. ; |
| Dimensions | 4 3/4 in. |
| 653 ## - INDEX TERM--UNCONTROLLED | |
| Resource For college | |
| 650 ## - SUBJECT ADDED ENTRY--TOPICAL TERM | |
| Topical term or geographic name as entry element | English language |
| Form subdivision | Textbooks for foreign speakers. |
| 9 (RLIN) | 13820 |
| 650 ## - SUBJECT ADDED ENTRY--TOPICAL TERM | |
| Topical term or geographic name as entry element | English language |
| Form subdivision | Problems, exercises, etc. |
| General subdivision | Grammar |
| 9 (RLIN) | 13821 |
| 650 ## - SUBJECT ADDED ENTRY--TOPICAL TERM | |
| Topical term or geographic name as entry element | English language |
| 9 (RLIN) | 13822 |
| 700 ## - ADDED ENTRY--PERSONAL NAME | |
| Personal name | Soars, John. |
| 9 (RLIN) | 13823 |
| 942 ## - ADDED ENTRY ELEMENTS (KOHA) | |
| Item type | |
| Call number prefix | 428.24 SOA |
| Source of classification or shelving scheme | Dewey Decimal Classification |
| Withdrawn status | Lost status | Source of classification or shelving scheme | Damaged status | Not for loan | Location (home branch) | Sublocation or collection (holding branch) | Shelving location | Date acquired | Source of acquisition | Koha issues (times borrowed) | Koha full call number | Piece designation (barcode) | Koha date last seen | Koha date last borrowed | Price effective from | Koha item type | Public note | Koha collection | Koha renewals |
|---|---|---|---|---|---|---|---|---|---|---|---|---|---|---|---|---|---|---|---|
| Dewey Decimal Classification | Central Library | Central Library | Second Floor | 17/08/2008 | 3 | 428.24 SOA | 000013498 | 24/08/2022 | 22/09/2013 | 17/08/2008 | CD | DVD - (NB) | 2 CDs | |||||||
| Dewey Decimal Classification | Central Library | Central Library | Second Floor | 29/04/2010 | 3 | 428.24 SOA | 000020746 | 24/08/2022 | 21/09/2014 | 29/04/2010 | CD | DVD - (NB) | 2 CDs | |||||||
| Dewey Decimal Classification | Central Library | Central Library | Second Floor | 05/05/2010 | 2 | 428.24 SOA | 000009834 | 24/08/2022 | 13/08/2012 | 05/05/2010 | CD | DVD - (NB) | 2 CDs | 1 |